Statistics for Countries and Territories that have Issued Trash Coins

Click here to take the quiz!

General Stats

  • This quiz has been taken 19 times
  • The average score is 25 of 72

Answer Stats

Themes:Country:% Correct
Chinese Calendar; Star WarsUnited Kingdom
81%
Astrology; Chinese CalendarAustralia
69%
Jurassic Park; Princess Diana; Star TrekLiberia
69%
Chinese Calendar; Disney; Harry PotterFrance
63%
Ancient Egypt; Wonders of the WorldNiger
63%
DC Comics; Star Trek; TransformersCanada
56%
Ancient Egypt; Cannabis; Coca ColaChad
56%
Ancient Egypt; British Sportsmen; Princess DianaDemocratic Republic of the Congo
56%
Ancient Egypt; Chinese CalendarRepublic of the Congo
56%
Cannabis; Christopher Columbus; TitanicBenin
50%
Ancient Egypt; Betsy Ross; Grace KellyCameroon
50%
Al Capone; Eiffel TowerCentral African Republic
50%
Moon Landing; Russian History; Vincent van GoghGabon
50%
Aliens; Ancient Egypt; German InnovationGhana
50%
Avatar; NarniaNew Zealand
50%
Coca Cola; DC Comics; DisneyNiue
50%
Charles Lindbergh; European Football Championship; FerrariAfghanistan
44%
Astrology; Chinese CalendarBelarus
44%
Ancient Egypt; Astrology; Swiss HistoryCambodia
44%
Chinese Calendar; Donald TrumpEquatorial Guinea
44%
Coca Cola; Harry Potter; Marvel ComicsFiji
44%
German Sailing Ships; Princess GraceGuinea
44%
Astrology; Christopher Columbus; Princess DianaMongolia
44%
Astrology; Chinese CalendarRwanda
44%
Angry Birds; Christopher Columbus; Jurassic ParkSierra Leone
44%
Christopher Columbus; Princess Diana; Winston ChurchillSomalia
44%
Chinese Calendar; Navy Flagships; Princess DianaTanzania
44%
Apollo 11; Chinese Calendar; German PoliticiansTogo
44%
Chinese CalendarUganda
44%
Chinese CalendarVietnam
44%
Chinese Calendar; Christopher Columbus; Introduction of the EuroZambia
44%
Christopher ColumbusAndorra
38%
Greek Gods; Titanic; Wild WestBurkina Faso
38%
Jurassic ParkEritrea
38%
Astrology; Chinese CalendarKazakhstan
38%
Chinese Calendar; Russian HistoryLaos
38%
African Animals; Chinese Calendar; European MonumentsNorth Korea
38%
Hello Kitty; Looney Tunes; Star TrekTuvalu
38%
Chinese Calendar; Introduction of the Euro; Princess DianaUkraine
38%
Chinese Calendar; Coronation of Elizabeth II; Indonesian GamesBhutan
31%
Ancient EgyptCuba
31%
Ancient Egypt; Princess DianaDjibouti
31%
Chinese Calendar; Elvis Presley; Martin LutherGambia
31%
Ancient Egypt; JFK; World LandmarksIvory Coast
31%
Chinese Calendar; Republic of China; VE DayMalawi
31%
AstrologyTurkey
31%
Jurassic Park; Princess DianaBosnia and Herzegovina
25%
Astrology; Hello Kitty; Star WarsCook Islands
25%
Flintstones; Grace Kelly; Christopher ColumbusGibraltar
25%
Lord of the Rings; Warner BrothersMalta
25%
Elvis Presley; James Dean; Marilyn MonroeMarshall Islands
25%
Euro Coinage; European Monuments; German ReunificationNauru
25%
Aliens; Chinese Calendar; Christopher ColumbusPalau
25%
Elvis Presley; Euro Currency; Princess DianaSão Tomé and Príncipe
25%
Barack Obama; Wonders of the WorldVanuatu
25%
Batman; DisneyBarbados
19%
American Bicentennial; Charles Lindbergh; Native American ChieftainsHaiti
19%
Ancient Egypt; Chinese Calendar; Lord of the RingsIsle of Man
19%
E.T.; Harry Potter; Star WarsPitcairn Islands
19%
Napoleonic WarsSaint Helena
19%
Harry Potter; Looney Tunes; Sesame StreetSamoa
19%
Disney; Jurassic Park; Star WarsSolomon Islands
19%
American Westerns; Chinese Calendar; Norse MythologyTokelau
19%
Kings and Queens of England; Ronald ReaganCayman Islands
13%
Chinese CalendarNorth Macedonia
13%
Apollo 11; Mother Theresa; Princess DianaTurks and Caicos Islands
13%
Chinese CalendarAlderney
6%
Florence Nightingale; Mythical Creatures; Warriors and DragonsBritish Indian Ocean Territory
6%
Chinese Calendar; JFK; World Trade CenterBritish Virgin Islands
6%
AstrologySomaliland
6%
James Cook; Prince George; Princess DianaSouth Georgia and the South Sandwich Islands
6%
Astrology; Chinese CalendarTransnistria
6%

Score Distribution

Percentile by Number Answered

Percent of People with Each Score

Your Score History

You have not taken this quiz